[Event "Beijing Sportaccord rap (Women)"]
[Site "Beijing"]
[Date "2014.12.12"]
[Round "7"]
[White "Kosteniuk, Alexandra"]
[Black "Paehtz, Elisabeth"]
[Result "0-1"]
[WhiteElo "2541"]
[BlackElo "2485"]
[PlyCount "100"]
[EventDate "2014.12.11"]
[EventType "swiss (rapid)"]
[EventRounds "7"]
[EventCountry "CHN"]
[SourceTitle "CBM 163 Extra"]
[Source "ChessBase"]
[SourceDate "2014.12.23"]
[SourceVersion "1"]
[SourceVersionDate "2014.12.23"]
[SourceQuality "1"]

1. e4 e6 2. d4 d5 3. Nc3 Bb4 4. a3 Bxc3+ 5. bxc3 dxe4 6. Qg4 Nf6 7. Qxg7 Rg8 8.
Qh6 Nbd7 9. Ne2 b6 10. Ng3 Qe7 11. a4 Bb7 12. Ba3 c5 13. dxc5 Rg6 14. Qh4 Nxc5
15. Bb5+ Kf8 16. Ne2 Kg8 17. Nf4 Rg4 18. Qh6 e5 19. Ne2 Rg6 20. Qh4 Qe6 21. Ng3
a6 22. Be2 Nxa4 23. Bb4 b5 24. O-O Nb6 25. Rfd1 Nbd5 26. h3 Kh8 27. Bc5 Rag8
28. c4 bxc4 29. Bxc4 Qc6 30. Bxd5 Nxd5 31. Ra5 e3 32. Qe4 Qc7 33. Rxd5 Qxa5 34.
Qxe3 Qa1+ 35. Kh2 Bxd5 36. c3 f6 37. Be7 Qa4 38. Qd3 Qc6 39. h4 Qe6 40. Ba3 Rg4
41. h5 f5 42. c4 Be4 43. Qd6 Qxd6 44. Bxd6 Re8 45. f3 Rh4+ 46. Kg1 Bd3 47. c5
Rc4 48. h6 f4 49. Nh5 Re6 50. Bb8 Rxc5 0-1

[Event "Beijing Sportaccord blitz (Women)"]
[Site "Beijing"]
[Date "2014.12.13"]
[Round "1"]
[White "Kosteniuk, Alexandra"]
[Black "Gunina, Valentina"]
[Result "0-1"]
[WhiteElo "2541"]
[BlackElo "2522"]
[PlyCount "88"]
[EventDate "2014.12.13"]
[EventType "tourn (blitz)"]
[EventRounds "30"]
[EventCountry "CHN"]
[EventCategory "12"]
[SourceTitle "CBM 163 Extra"]
[Source "ChessBase"]
[SourceDate "2014.12.23"]
[SourceVersion "1"]
[SourceVersionDate "2014.12.23"]
[SourceQuality "1"]

1. d4 d5 2. c4 c6 3. cxd5 cxd5 4. Bf4 Nf6 5. Nc3 Nc6 6. e3 Bg4 7. Qb3 Na5 8.
Qa4+ Bd7 9. Qc2 e6 10. Bd3 Rc8 11. Nf3 b5 12. a3 Be7 13. Ne5 Nc4 14. Qe2 O-O
15. O-O h6 16. h3 Be8 17. Rfc1 Qb6 18. a4 b4 19. Nd1 Nd6 20. b3 Bc6 21. a5 Qb7
22. Ba6 Bb5 23. Rxc8 Qxa6 24. Rxf8+ Bxf8 25. Qc2 Nfe4 26. Qc7 Nd2 27. Qc2 N2e4
28. f3 Nf6 29. Qc7 Nfe8 30. Qc2 Nf5 31. Nb2 g5 32. g4 gxf4 33. gxf5 fxe3 34.
Kh2 exf5 35. Rg1+ Ng7 36. Qxf5 Qe6 37. Qxe6 fxe6 38. Nbd3 Kh7 39. Re1 Nf5 40.
Nf4 Bd6 41. Nh5 Nxd4 42. Nf6+ Kg7 43. Nh5+ Kf8 44. Rxe3 Bxe5+ 0-1

[Event "Beijing Sportaccord blitz (Women)"]
[Site "Beijing"]
[Date "2014.12.13"]
[Round "2"]
[White "Ju, Wenjun"]
[Black "Kosteniuk, Alexandra"]
[Result "1-0"]
[WhiteElo "2568"]
[BlackElo "2541"]
[PlyCount "33"]
[EventDate "2014.12.13"]
[EventType "tourn (blitz)"]
[EventRounds "30"]
[EventCountry "CHN"]
[EventCategory "12"]
[SourceTitle "CBM 163 Extra"]
[Source "ChessBase"]
[SourceDate "2014.12.23"]
[SourceVersion "1"]
[SourceVersionDate "2014.12.23"]
[SourceQuality "1"]

1. d4 Nf6 2. c4 e6 3. g3 d5 4. Nf3 dxc4 5. Bg2 a6 6. O-O Nc6 7. Nbd2 Nxd4 8.
Nxc4 Nxf3+ 9. Bxf3 Nd7 10. Bf4 g5 11. Qd4 Rg8 12. Be3 Bg7 13. Qd3 h5 14. Rfd1
h4 15. Qh7 Nf6 16. Rxd8+ Kxd8 17. Bxg5 1-0

[Event "Beijing Sportaccord blitz (Women)"]
[Site "Beijing"]
[Date "2014.12.13"]
[Round "3"]
[White "Kosteniuk, Alexandra"]
[Black "Koneru, Humpy"]
[Result "1/2-1/2"]
[WhiteElo "2541"]
[BlackElo "2581"]
[PlyCount "132"]
[EventDate "2014.12.13"]
[EventType "tourn (blitz)"]
[EventRounds "30"]
[EventCountry "CHN"]
[EventCategory "12"]
[SourceTitle "CBM 163 Extra"]
[Source "ChessBase"]
[SourceDate "2014.12.23"]
[SourceVersion "1"]
[SourceVersionDate "2014.12.23"]
[SourceQuality "1"]

1. e4 e5 2. Nf3 Nf6 3. d4 Nxe4 4. Bd3 d5 5. Nxe5 Nd7 6. O-O Nxe5 7. dxe5 Nc5 8.
f4 g6 9. Nc3 c6 10. Ne2 Nxd3 11. cxd3 Qb6+ 12. Kh1 Bg4 13. h3 h5 14. Kh2 Bd7
15. Ng1 Be7 16. Nf3 O-O-O 17. Qe2 Kb8 18. Be3 c5 19. Rfc1 d4 20. Bf2 Bc6 21. b3
Rhg8 22. Nd2 Bd5 23. Ne4 Rc8 24. Bg3 Ka8 25. Rab1 a6 26. Rf1 Qe6 27. Rbe1 h4
28. Bf2 g5 29. b4 gxf4 30. Qh5 cxb4 31. Bxd4 Rc2 32. Rf2 Rxf2 33. Bxf2 Bxe4 34.
Rxe4 Qxa2 35. Rxf4 Bc5 36. Qh7 Rg6 37. Qh8+ Ka7 38. Bxc5+ b6 39. Bf2 Qe6 40.
Rxb4 Qd5 41. Bxb6+ Rxb6 42. Rxb6 Kxb6 43. Qf6+ Kb5 44. Qxh4 Qxe5+ 45. Kh1 a5
46. Qc4+ Kb6 47. Qb3+ Ka6 48. Qc4+ Kb6 49. d4 Qe1+ 50. Kh2 Qf2 51. Qc5+ Ka6 52.
Qc6+ Ka7 53. Qc7+ Ka6 54. d5 a4 55. Qc4+ Ka5 56. Qc3+ Kb5 57. Qc6+ Kb4 58. d6
Qf4+ 59. g3 Qd2+ 60. Kg1 Qe1+ 61. Kg2 Qe2+ 62. Kg1 Qe1+ 63. Kh2 Qd2+ 64. Kh1
Qe1+ 65. Kg2 Qe2+ 66. Kg1 Qe1+ 1/2-1/2

[Event "Beijing Sportaccord blitz (Women)"]
[Site "Beijing"]
[Date "2014.12.13"]
[Round "4"]
[White "Stefanova, Antoaneta"]
[Black "Kosteniuk, Alexandra"]
[Result "1/2-1/2"]
[WhiteElo "2517"]
[BlackElo "2541"]
[PlyCount "101"]
[EventDate "2014.12.13"]
[EventType "tourn (blitz)"]
[EventRounds "30"]
[EventCountry "CHN"]
[EventCategory "12"]
[SourceTitle "CBM 163 Extra"]
[Source "ChessBase"]
[SourceDate "2014.12.23"]
[SourceVersion "1"]
[SourceVersionDate "2014.12.23"]
[SourceQuality "1"]

1. Nf3 Nf6 2. g3 b6 3. Bg2 Bb7 4. O-O e6 5. d3 d5 6. Nbd2 Be7 7. e4 dxe4 8. Ng5
O-O 9. Ndxe4 Nxe4 10. Nxe4 Qc8 11. h4 Nd7 12. Bg5 Bxg5 13. hxg5 Rd8 14. Qh5 Nf8
15. Rae1 Bxe4 16. Rxe4 Rb8 17. Rh4 Qd7 18. Be4 g6 19. Qf3 Qe7 20. Rg4 b5 21.
Qe3 a5 22. Kg2 b4 23. Rh1 Rb5 24. f4 Qc5 25. Qe2 Qd4 26. Rb1 Rc5 27. Rh4 a4 28.
Rhh1 a3 29. bxa3 bxa3 30. Rb3 Rc3 31. Rhb1 Qc5 32. Rxc3 Qxc3 33. Rb3 Qc5 34.
Qf2 Qa5 35. c3 e5 36. f5 Qa6 37. c4 Qd6 38. Qa7 Qe7 39. Qe3 gxf5 40. Bxf5 Ng6
41. Rb5 Qd6 42. Rd5 Qc6 43. Be4 Qe8 44. Rxd8 Qxd8 45. Bxg6 hxg6 46. Qxe5 Qxd3
47. Qe8+ Kg7 48. Qe5+ Kg8 49. Qe8+ Kg7 50. Qe5+ Kg8 51. Qe8+ 1/2-1/2

[Event "Beijing Sportaccord blitz (Women)"]
[Site "Beijing"]
[Date "2014.12.13"]
[Round "5"]
[White "Kosteniuk, Alexandra"]
[Black "Paehtz, Elisabeth"]
[Result "1-0"]
[WhiteElo "2541"]
[BlackElo "2485"]
[PlyCount "119"]
[EventDate "2014.12.13"]
[EventType "tourn (blitz)"]
[EventRounds "30"]
[EventCountry "CHN"]
[EventCategory "12"]
[SourceTitle "CBM 163 Extra"]
[Source "ChessBase"]
[SourceDate "2014.12.23"]
[SourceVersion "1"]
[SourceVersionDate "2014.12.23"]
[SourceQuality "1"]

1. d4 g6 2. e4 Bg7 3. Nc3 d6 4. Be3 a6 5. Qd2 b5 6. a4 b4 7. Na2 a5 8. c3 bxc3
9. Nxc3 Nc6 10. Bb5 Bd7 11. Nf3 Nb4 12. O-O c6 13. Bc4 e6 14. d5 cxd5 15. exd5
e5 16. Nb5 Bg4 17. Ng5 Nf6 18. f3 Bf5 19. g4 Bc8 20. Qf2 O-O 21. Bb6 Qe7 22.
Qd2 h6 23. Nh3 h5 24. Nf2 hxg4 25. Ne4 gxf3 26. Nexd6 Bh3 27. Rfe1 Nd7 28. Bf2
Nc2 29. Qxc2 Qg5+ 30. Bg3 Nb6 31. Ba2 Qh5 32. Qf2 Rab8 33. Re4 Bd7 34. Rh4 Qg5
35. Ne4 Qf5 36. Nbd6 Qh3 37. Rxh3 Bxh3 38. Bb3 f5 39. Ng5 Bg4 40. Nb5 Bf6 41.
d6+ Kh8 42. Ne6 Rfe8 43. Bh4 Bg7 44. Nbc7 Rg8 45. Ng5 Rgf8 46. Nf7+ Rxf7 47.
Bxf7 e4 48. Ne6 Be5 49. Bg3 Bf6 50. Bh4 Be5 51. Rd1 Nd7 52. Be7 Rxb2 53. Qh4+
Bh5 54. Bxg6 Rg2+ 55. Kh1 Rxh2+ 56. Qxh2 Bxh2 57. Bxh5 Bg3 58. Nf8 Kg8 59. Nxd7
f2 60. Kg2 1-0

[Event "Beijing Sportaccord blitz (Women)"]
[Site "Beijing"]
[Date "2014.12.13"]
[Round "6"]
[White "Ushenina, Anna"]
[Black "Kosteniuk, Alexandra"]
[Result "1-0"]
[WhiteElo "2494"]
[BlackElo "2541"]
[PlyCount "179"]
[EventDate "2014.12.13"]
[EventType "tourn (blitz)"]
[EventRounds "30"]
[EventCountry "CHN"]
[EventCategory "12"]
[SourceTitle "CBM 163 Extra"]
[Source "ChessBase"]
[SourceDate "2014.12.23"]
[SourceVersion "1"]
[SourceVersionDate "2014.12.23"]
[SourceQuality "1"]

1. d4 Nf6 2. Nf3 e6 3. e3 d5 4. Bd3 c5 5. c3 Nc6 6. O-O Bd6 7. Nbd2 e5 8. dxe5
Nxe5 9. Nxe5 Bxe5 10. Bb5+ Bd7 11. Bxd7+ Qxd7 12. Nf3 Bc7 13. c4 dxc4 14. Qc2
b5 15. a4 Qd3 16. Qxd3 cxd3 17. axb5 Ke7 18. Rd1 Rhb8 19. Rxd3 Rxb5 20. Kf1 a5
21. b3 Rab8 22. Nd2 Nd7 23. f4 R8b7 24. Bb2 f6 25. Bc3 Nb8 26. Ra4 Nc6 27. Re4+
Kf8 28. Rd7 Bb8 29. Rxb7 Rxb7 30. Re6 Ne7 31. Bxa5 Nd5 32. Kf2 Kf7 33. Rc6 Nb4
34. Bxb4 cxb4 35. Nc4 Bc7 36. Kf3 Ke7 37. Ke4 Kd7 38. Ra6 Bb8 39. Kd5 Rb5+ 40.
Ke4 Rb7 41. Nb6+ Kc6 42. Nd5+ Kb5 43. Ra4 Bd6 44. Kd4 Bc5+ 45. Kd3 f5 46. Ra8
Rd7 47. e4 fxe4+ 48. Kxe4 Bd6 49. g3 Rf7 50. h4 Rb7 51. Rd8 Bc5 52. h5 Ra7 53.
Rb8+ Ka5 54. g4 Bd6 55. Rd8 Bc5 56. g5 Kb5 57. Rb8+ Ka5 58. Kd3 Bd6 59. Rd8 Bc5
60. Kc4 Bf2 61. Rb8 Be1 62. Rb5+ Ka6 63. Rb6+ Ka5 64. Rb5+ Ka6 65. Nxb4+ Bxb4
66. Kxb4 Rd7 67. Rf5 Kb6 68. Kc4 Rc7+ 69. Kd4 Rd7+ 70. Rd5 Rf7 71. Ke4 Re7+ 72.
Re5 Rb7 73. b4 Kc6 74. b5+ Kd6 75. Kd4 Ra7 76. b6 Ra4+ 77. Ke3 Rb4 78. Re8 Rxb6
79. Rh8 Ke6 80. Rxh7 Rb3+ 81. Ke4 Rb4+ 82. Ke3 Rb3+ 83. Ke4 Rb4+ 84. Kf3 Kf5
85. Rxg7 Rxf4+ 86. Ke3 Ra4 87. h6 Ra3+ 88. Kd4 Ra4+ 89. Kc5 Ra5+ 90. Kb4 1-0

[Event "Beijing Sportaccord blitz (Women)"]
[Site "Beijing"]
[Date "2014.12.13"]
[Round "7"]
[White "Kosteniuk, Alexandra"]
[Black "Hou, Yifan"]
[Result "1-0"]
[WhiteElo "2541"]
[BlackElo "2673"]
[PlyCount "98"]
[EventDate "2014.12.13"]
[EventType "tourn (blitz)"]
[EventRounds "30"]
[EventCountry "CHN"]
[EventCategory "12"]
[SourceTitle "CBM 163 Extra"]
[Source "ChessBase"]
[SourceDate "2014.12.23"]
[SourceVersion "1"]
[SourceVersionDate "2014.12.23"]
[SourceQuality "1"]

1. e4 c5 2. Nf3 g6 3. d4 cxd4 4. Nxd4 Nc6 5. c4 Nf6 6. Nc3 d6 7. Nc2 Bg7 8. Be2
O-O 9. O-O Be6 10. Rb1 a5 11. b3 a4 12. b4 Rc8 13. f4 Qb6+ 14. Be3 Qd8 15. Qd3
Nb8 16. Na3 Bd7 17. h3 b6 18. Rfd1 Bc6 19. Bf3 Nfd7 20. Nd5 Bb7 21. Nb5 Nc6 22.
Bg4 Nce5 23. fxe5 Nxe5 24. Qe2 Rxc4 25. Bxb6 Qe8 26. Nbc7 Qb8 27. Nxe7+ Kh8 28.
Ncd5 Ba6 29. b5 Bb7 30. Bf2 Re8 31. Nc6 Bxc6 32. bxc6 Qa8 33. Nc7 Qxc6 34. Nxe8
Qxe8 35. Rxd6 h5 36. Bf3 Qc8 37. Rbd1 Kh7 38. Bxh5 Rc2 39. R6d2 Rxd2 40. Rxd2
gxh5 41. Qxh5+ Kg8 42. Qd1 Bf6 43. Rd6 Be7 44. Rd5 Qe6 45. Qd4 Ng6 46. Rb5 Qxa2
47. Rb8+ Kh7 48. Qd1 Qc4 49. Bd4 Nf4 1-0

[Event "Beijing Sportaccord blitz (Women)"]
[Site "Beijing"]
[Date "2014.12.13"]
[Round "8"]
[White "Kosteniuk, Alexandra"]
[Black "Khotenashvili, Bela"]
[Result "1-0"]
[WhiteElo "2541"]
[BlackElo "2504"]
[PlyCount "141"]
[EventDate "2014.12.13"]
[EventType "tourn (blitz)"]
[EventRounds "30"]
[EventCountry "CHN"]
[EventCategory "12"]
[SourceTitle "CBM 163 Extra"]
[Source "ChessBase"]
[SourceDate "2014.12.23"]
[SourceVersion "1"]
[SourceVersionDate "2014.12.23"]
[SourceQuality "1"]

1. e4 c6 2. d4 d5 3. e5 Bf5 4. Nf3 e6 5. Be2 Nd7 6. O-O Ne7 7. Nbd2 h6 8. Nb3
g5 9. Bd2 Ng6 10. Ne1 Nf4 11. Bxf4 gxf4 12. Nd3 Qg5 13. Qd2 Bxd3 14. Qxd3 h5
15. Bf3 h4 16. h3 Be7 17. Na5 Rb8 18. c4 Kf8 19. cxd5 exd5 20. a3 Kg7 21. Rfe1
Nf8 22. Bg4 Ne6 23. b4 a6 24. Rab1 Qg6 25. Qxg6+ Kxg6 26. Bxe6 fxe6 27. Rec1
Kf5 28. f3 Bd8 29. Nb3 Be7 30. Kf1 Rhg8 31. Rc2 Rg7 32. Nc1 Bf8 33. Nd3 a5 34.
bxa5 Ra8 35. Nc5 Rxa5 36. Nxb7 Rxa3 37. Nd8 Rga7 38. Nxc6 Ra1 39. Rxa1 Rxa1+
40. Ke2 Rg1 41. Kf2 Rd1 42. Ra2 Rc1 43. Ra8 Rc2+ 44. Kf1 Bg7 45. Ne7+ Kg5 46.
Ra6 Rc1+ 47. Ke2 Rc2+ 48. Kf1 Rc1+ 49. Kf2 Rc2+ 50. Kg1 Rc1+ 51. Kh2 Bf8 52.
Rxe6 Rd1 53. Nxd5 Rxd4 54. Nf6 Bb4 55. Ne4+ Kf5 56. Re8 Be1 57. Kg1 Bg3 58. Kf1
Rd1+ 59. Ke2 Re1+ 60. Kd3 Rd1+ 61. Kc4 Rc1+ 62. Kd5 Rd1+ 63. Kc6 Rc1+ 64. Kd7
Rd1+ 65. Nd6+ Kg6 66. e6 Bf2 67. Rg8+ Kh7 68. Rc8 Bd4 69. e7 Be5 70. Rc6 Bxd6
71. Rxd6 1-0

[Event "Beijing Sportaccord blitz (Women)"]
[Site "Beijing"]
[Date "2014.12.13"]
[Round "9"]
[White "Cramling, Pia"]
[Black "Kosteniuk, Alexandra"]
[Result "1/2-1/2"]
[WhiteElo "2518"]
[BlackElo "2541"]
[PlyCount "234"]
[EventDate "2014.12.13"]
[EventType "tourn (blitz)"]
[EventRounds "30"]
[EventCountry "CHN"]
[EventCategory "12"]
[SourceTitle "CBM 163 Extra"]
[Source "ChessBase"]
[SourceDate "2014.12.23"]
[SourceVersion "1"]
[SourceVersionDate "2014.12.23"]
[SourceQuality "1"]

1. Nf3 d5 2. g3 c6 3. Bg2 Bf5 4. c4 dxc4 5. O-O Be4 6. Nc3 Bxf3 7. Bxf3 Nd7 8.
a4 Ngf6 9. a5 Rc8 10. Qa4 Ne5 11. Bg2 e6 12. f4 Bc5+ 13. e3 Nd3 14. Qxc4 Be7
15. a6 b6 16. Bxc6+ Kf8 17. Qb5 Nxc1 18. Raxc1 Qxd2 19. Rcd1 Qxe3+ 20. Kg2 h5
21. Bf3 h4 22. Rd3 Qc5 23. Qxc5 Rxc5 24. b4 Rc4 25. Nb5 hxg3 26. hxg3 Rxb4 27.
Nxa7 Ra4 28. Bb7 Nd5 29. Nc6 g5 30. a7 Kg7 31. a8=Q Raxa8 32. Bxa8 Rxa8 33.
Rxd5 exd5 34. Nxe7 gxf4 35. Rxf4 Ra2+ 36. Kf3 Rd2 37. Nc6 Rd3+ 38. Kg4 Rc3 39.
Nb4 Rc5 40. Nd3 Rc4 41. Ne5 Rc7 42. Kf5 b5 43. Rb4 Rc5 44. g4 f6 45. Nd7 Rc1
46. Rxb5 Rf1+ 47. Ke6 Rf4 48. Rb7 Kg6 49. Nf8+ Kg5 50. Nh7+ Kxg4 51. Nxf6+ Kf3
52. Nxd5 Re4+ 53. Kd6 Re1 54. Rf7+ Ke2 55. Kc5 Rc1+ 56. Kd4 Rd1+ 57. Kc4 Rh1
58. Re7+ Kf3 59. Nc3 Rh8 60. Kd4 Rd8+ 61. Nd5 Kg4 62. Ke4 Kg3 63. Ne3 Rg8 64.
Nf5+ Kf2 65. Kf4 Ra8 66. Re4 Rf8 67. Rb4 Ke2 68. Rb3 Kd2 69. Rh3 Kc2 70. Ke4
Re8+ 71. Kd5 Rd8+ 72. Nd6 Kd2 73. Kc5 Ke2 74. Nc4 Kf2 75. Nd6 Kg2 76. Ra3 Rf8
77. Kd5 Rf3 78. Ra4 Rd3+ 79. Ke5 Rh3 80. Ne4 Rh5+ 81. Kd4 Rh8 82. Ke3 Rh3+ 83.
Kd4 Rh8 84. Ra2+ Kf3 85. Rf2+ Kg4 86. Ke3 Ra8 87. Rf4+ Kh5 88. Rf7 Kg6 89. Rf1
Rb8 90. Rf6+ Kg7 91. Ra6 Rf8 92. Kd4 Rd8+ 93. Ke5 Rb8 94. Nd6 Rb1 95. Nf5+ Kf7
96. Rf6+ Ke8 97. Rh6 Kd7 98. Rd6+ Kc7 99. Rh6 Rb5+ 100. Kf4 Rb4+ 101. Kg5 Rb6
102. Rh7+ Kc6 103. Kf4 Rb4+ 104. Ke5 Rb5+ 105. Ke4 Rb1 106. Nd4+ Kd6 107. Rh6+
Ke7 108. Nf5+ Kd7 109. Rh7+ Kc6 110. Nd4+ Kd6 111. Rh6+ Kc7 112. Kd5 Rg1 113.
Nb5+ Kb7 114. Kc5 Rg5+ 115. Kb4 Rg1 116. Nd6+ Kc6 117. Nc4+ Kd5 1/2-1/2

[Event "Beijing Sportaccord blitz (Women)"]
[Site "Beijing"]
[Date "2014.12.13"]
[Round "10"]
[White "Kosteniuk, Alexandra"]
[Black "Muzychuk, Mariya"]
[Result "1/2-1/2"]
[WhiteElo "2541"]
[BlackElo "2529"]
[PlyCount "84"]
[EventDate "2014.12.13"]
[EventType "tourn (blitz)"]
[EventRounds "30"]
[EventCountry "CHN"]
[EventCategory "12"]
[SourceTitle "CBM 163 Extra"]
[Source "ChessBase"]
[SourceDate "2014.12.23"]
[SourceVersion "1"]
[SourceVersionDate "2014.12.23"]
[SourceQuality "1"]

1. e4 c5 2. Nf3 e6 3. d4 cxd4 4. Nxd4 a6 5. Bd3 Bc5 6. Be3 d6 7. Nd2 Nf6 8. c3
O-O 9. O-O Nbd7 10. Bc2 b5 11. a4 bxa4 12. Bxa4 Bb7 13. Bc2 Qc7 14. h3 d5 15.
exd5 Nxd5 16. Bg5 h6 17. Bh4 Bxd4 18. cxd4 Qf4 19. Nf3 Nb4 20. Bg3 Bxf3 21.
Bxf4 Bxd1 22. Bxd1 Nd5 23. Bd6 Rfc8 24. Be2 Rc2 25. Bxa6 Rxb2 26. Bd3 Rxa1 27.
Rxa1 g6 28. Ra7 N7f6 29. Be5 Rd2 30. Bb5 Rb2 31. Bc4 g5 32. Ra8+ Kh7 33. g4 Kg6
34. Bd3+ Kg7 35. Ra7 Nf4 36. Bxf4 gxf4 37. Bc4 Kg6 38. Bd3+ Kg7 39. Bc4 Kg6 40.
Bd3+ Kg7 41. Bc4 Kg6 42. Bd3+ Kg7 1/2-1/2

[Event "Beijing Sportaccord blitz (Women)"]
[Site "Beijing"]
[Date "2014.12.14"]
[Round "11"]
[White "Zhao, Xue"]
[Black "Kosteniuk, Alexandra"]
[Result "1/2-1/2"]
[WhiteElo "2514"]
[BlackElo "2541"]
[PlyCount "79"]
[EventDate "2014.12.13"]
[EventType "tourn (blitz)"]
[EventRounds "30"]
[EventCountry "CHN"]
[EventCategory "12"]
[SourceTitle "CBM 163 Extra"]
[Source "ChessBase"]
[SourceDate "2014.12.23"]
[SourceVersion "1"]
[SourceVersionDate "2014.12.23"]
[SourceQuality "1"]

1. Nf3 d5 2. g3 c6 3. Bg2 Bf5 4. d3 Nf6 5. Nbd2 h6 6. O-O e6 7. c4 Be7 8. b3
O-O 9. Bb2 Nbd7 10. Rc1 a5 11. a3 Qb6 12. Qc2 Rfd8 13. Rfe1 Ng4 14. e3 Nc5 15.
Bd4 Qa6 16. Bf1 dxc4 17. Nxc4 Nd7 18. Qb2 Ngf6 19. Bc3 b5 20. Nxa5 Nd5 21. Bd2
b4 22. Nxc6 bxa3 23. Qa2 Bc5 24. Nxd8 Rxd8 25. d4 Qb7 26. dxc5 Ne7 27. Nd4 Be4
28. Qxa3 Ne5 29. Qa6 Qd5 30. Qb6 N7c6 31. Bc4 Qd7 32. Nxc6 Nf3+ 33. Kf1 Nxd2+
34. Kg1 Nf3+ 35. Kf1 Nxh2+ 36. Kg1 Nf3+ 37. Kf1 Nh2+ 38. Kg1 Nf3+ 39. Kf1 Nh2+
40. Kg1 1/2-1/2

[Event "Beijing Sportaccord blitz (Women)"]
[Site "Beijing"]
[Date "2014.12.13"]
[Round "12"]
[White "Kosteniuk, Alexandra"]
[Black "Dzagnidze, Nana"]
[Result "0-1"]
[WhiteElo "2541"]
[BlackElo "2570"]
[PlyCount "56"]
[EventDate "2014.12.13"]
[EventType "tourn (blitz)"]
[EventRounds "30"]
[EventCountry "CHN"]
[EventCategory "12"]
[SourceTitle "CBM 163 Extra"]
[Source "ChessBase"]
[SourceDate "2014.12.23"]
[SourceVersion "1"]
[SourceVersionDate "2014.12.23"]
[SourceQuality "1"]

1. e4 c5 2. Nf3 a6 3. c3 d5 4. exd5 Qxd5 5. d4 e6 6. Bd3 Nf6 7. O-O Nc6 8. Na3
cxd4 9. Nc4 Bc5 10. cxd4 Nxd4 11. Nxd4 Bxd4 12. Qe2 O-O 13. Rd1 e5 14. Nb6 Qc6
15. Nxa8 Bg4 16. Bxh7+ Kxh7 17. Qd3+ Kg8 18. Re1 Rxa8 19. Be3 Rd8 20. Bxd4 exd4
21. Rac1 Qd5 22. f3 Bf5 23. Qb3 d3 24. Qxd5 Nxd5 25. Rcd1 Nb4 26. a3 Nc6 27.
Rd2 Na5 28. Re5 Nc4 0-1

[Event "Beijing Sportaccord blitz (Women)"]
[Site "Beijing"]
[Date "2014.12.14"]
[Round "13"]
[White "Muzychuk, Anna"]
[Black "Kosteniuk, Alexandra"]
[Result "0-1"]
[WhiteElo "2545"]
[BlackElo "2541"]
[PlyCount "76"]
[EventDate "2014.12.13"]
[EventType "tourn (blitz)"]
[EventRounds "30"]
[EventCountry "CHN"]
[EventCategory "12"]
[SourceTitle "CBM 163 Extra"]
[Source "ChessBase"]
[SourceDate "2014.12.23"]
[SourceVersion "1"]
[SourceVersionDate "2014.12.23"]
[SourceQuality "1"]

1. e4 c5 2. Nc3 Nc6 3. g3 g6 4. Bg2 Bg7 5. d3 d6 6. f4 e6 7. Nf3 Nge7 8. Be3
O-O 9. O-O Nd4 10. e5 Nef5 11. Bf2 d5 12. Nxd4 Nxd4 13. Ne2 Nxe2+ 14. Qxe2 b6
15. c3 Ba6 16. g4 Qd7 17. Bg3 f6 18. exf6 Rxf6 19. Rae1 Re8 20. b3 Rf7 21. c4
Bb7 22. f5 Bd4+ 23. Kh1 e5 24. fxg6 hxg6 25. Rxf7 Qxf7 26. Rf1 Qe6 27. Qf3 e4
28. dxe4 dxe4 29. Qf4 Bc6 30. Qc7 Rc8 31. Qxa7 e3 32. Re1 Rf8 33. Qc7 Bxg2+ 34.
Kxg2 e2 35. Qb7 Bc3 36. Rc1 e1=Q 37. Bxe1 Bxe1 38. Rc2 Qxg4+ 0-1

[Event "Beijing Sportaccord blitz (Women)"]
[Site "Beijing"]
[Date "2014.12.14"]
[Round "14"]
[White "Kosteniuk, Alexandra"]
[Black "Kosintseva, Tatiana"]
[Result "1-0"]
[WhiteElo "2541"]
[BlackElo "2483"]
[PlyCount "77"]
[EventDate "2014.12.13"]
[EventType "tourn (blitz)"]
[EventRounds "30"]
[EventCountry "CHN"]
[EventCategory "12"]
[SourceTitle "CBM 163 Extra"]
[Source "ChessBase"]
[SourceDate "2014.12.23"]
[SourceVersion "1"]
[SourceVersionDate "2014.12.23"]
[SourceQuality "1"]

1. e4 e5 2. Nf3 Nc6 3. Bb5 a6 4. Ba4 Nf6 5. O-O Be7 6. Re1 b5 7. Bb3 O-O 8. c3
d6 9. h3 Nb8 10. d4 Nbd7 11. Nbd2 Bb7 12. Bc2 Re8 13. Nf1 Bf8 14. Ng3 g6 15. a4
c6 16. Bg5 Bg7 17. Qd2 Qe7 18. b4 Qf8 19. Bb3 h6 20. dxe5 dxe5 21. Be3 c5 22.
Nh4 Kh7 23. Rad1 c4 24. Bc2 Rad8 25. Qe2 Qe7 26. a5 Nf8 27. Bc5 Qe6 28. Bb6
Rxd1 29. Rxd1 N6d7 30. Be3 Bc6 31. Nhf5 gxf5 32. exf5 Qf6 33. Nh5 Qh4 34. f6+
Kg8 35. Nxg7 Rc8 36. Nf5 Qxf6 37. Nxh6+ Kh8 38. Qh5 Nh7 39. Nxf7+ 1-0

[Event "Beijing Sportaccord blitz (Women)"]
[Site "Beijing"]
[Date "2014.12.13"]
[Round "15"]
[White "Harika, Dronavalli"]
[Black "Kosteniuk, Alexandra"]
[Result "0-1"]
[WhiteElo "2505"]
[BlackElo "2541"]
[PlyCount "156"]
[EventDate "2014.12.13"]
[EventType "tourn (blitz)"]
[EventRounds "30"]
[EventCountry "CHN"]
[EventCategory "12"]
[SourceTitle "CBM 163 Extra"]
[Source "ChessBase"]
[SourceDate "2014.12.23"]
[SourceVersion "1"]
[SourceVersionDate "2014.12.23"]
[SourceQuality "1"]

1. Nf3 d5 2. g3 c6 3. Bg2 Bf5 4. O-O e6 5. d3 Nf6 6. Nbd2 h6 7. b3 Be7 8. Bb2
O-O 9. Qe1 Bh7 10. e4 a5 11. a3 c5 12. Qe2 Nc6 13. Rfe1 a4 14. exd5 Nxd5 15.
bxa4 Rxa4 16. Nb3 Qd6 17. Ne5 Nxe5 18. Bxe5 Qd7 19. c4 Nf6 20. Red1 b5 21. d4
bxc4 22. Nxc5 Bxc5 23. dxc5 Bd3 24. Bxf6 Bxe2 25. Rxd7 gxf6 26. c6 c3 27. Rc1
Rxa3 28. c7 Ba6 29. Bf1 Bc8 30. Rd3 Kg7 31. Rdxc3 Rxc3 32. Rxc3 f5 33. f4 Kf6
34. Kf2 Ke7 35. Ke3 Kd6 36. Bb5 Bb7 37. Rd3+ Kxc7 38. Rd7+ Kb6 39. Bd3 Bc6 40.
Re7 Kc5 41. h3 Kd6 42. Ra7 Bd7 43. g4 fxg4 44. hxg4 Rb8 45. Ra6+ Ke7 46. Ra7
Rb3 47. Kd4 Rb4+ 48. Ke3 Kd6 49. Ra6+ Kc7 50. Ra8 Rb3 51. Kd2 Kd6 52. Rh8 Rb2+
53. Ke3 Rh2 54. g5 Rh3+ 55. Kd2 h5 56. Be2 h4 57. Rh7 Be8 58. Ke1 Kd5 59. Bg4
Rh2 60. Bf3+ Kd4 61. Kf1 Ke3 62. Kg1 Rb2 63. Bg2 Kxf4 64. Rxh4+ Kxg5 65. Rh8
Ba4 66. Rg8+ Kf4 67. Rf8 f5 68. Rh8 Rb1+ 69. Kh2 Bd1 70. Re8 Rb6 71. Bh3 e5 72.
Rf8 Rb2+ 73. Kg1 Bg4 74. Bg2 e4 75. Rc8 Bf3 76. Bh3 Kg3 77. Bf1 Rb1 78. Rg8+
Kf4 0-1